000 00751nam a2200289Ia 4500
005 20260324114632.0
008 008 260324s9999 xx 000 0 eng d
020 _a9781003053101
037 _aEBOOK
040 _aCRL
040 _beng
040 _cCRL
041 _2eng
041 _aeng
084 _qCRL
100 _aKassandra Arevalo; Matthew Tovar; Jingtian Li
_91151555
245 0 _aCreating Games with Unreal Engine, Substance Painter, & Maya
245 0 _bModels, Textures, Animation, & Blueprint
260 _bTaylor and Francis
260 _c2021
365 _a
365 _b305
856 _uhttp://www.taylorfrancis.com/books/9781003053101
942 _cEBOOK
999 _c1741856
_d1741856